Analytická chémia pre 4. ročník gymnázia

Bibliographic Details
Main Authors: Adamkovič, Emil, 1941- (Author), Liška, Otokar (Author), Šramko, Tibor (Author), Traiter, Mojmír (Author)
Format: Book
Language:Slovak
PhysicalDescription:110 s. Tb. grafy, sch. 29 cm
Published: Bratislava Alfa, 1977
Edition:1. vyd.
Subjects:

MARC

LEADER 00000nam a2200000 a 4500
001 vtls001111105
003 SK-MaSNL
005 20260301193926.0
008 180814s1977 xo 00000 slo
015 |a SNBA1978 
035 |a SNK000053948 
040 |a SNK  |b slo  |c SNK  |e AACR2 
041 0 |a slo 
044 |a xo  |c SK 
080 |a 543(075.3)  |2 1981 
245 0 0 |a Analytická chémia pre 4. ročník gymnázia  |c Emil Adamkovič ... [et al.] 
250 |a 1. vyd. 
260 |a Bratislava  |b Alfa,  |c 1977 
300 |a 110 s.  |b Tb. grafy, sch.  |c 29 cm 
366 |e 1300 výt. 
504 |a Bibliogr. 
650 0 7 |a analytická chémia  |2 SNKPH  |9 849 
655 7 |a učebnice stredných škôl  |2 SNKPH  |9 69323 
700 1 |a Adamkovič, Emil,  |d 1941-  |4 aut  |9 207145 
700 1 |a Liška, Otokar  |4 aut  |9 279766 
700 1 |a Šramko, Tibor  |4 aut  |9 6140 
700 1 |a Traiter, Mojmír  |4 aut  |9 444197 
958 |a OND 
958 |a NB 
999 |c 879742  |d 881672 
952 |t P60, <04>, [BOOK], {604}  |a SNK  |b SNK  |y VYP  |7 0  |p 17A0166223  |o snkSB 25895 D1  |0 0  |1 0  |4 0  |d 1998-10-19  |l 0  |r 2004-12-31 00:00:00  |w 2026-02-24 
952 |a SNK  |b SNK  |y PREZ  |7 0  |p 17A0967848  |o snkSB 25895  |0 0  |1 0  |4 0  |d 2012-07-25  |f 1  |l 0  |r 2025-03-28 00:00:00  |w 2026-02-24